[Event "Spanish League, Division of Honour"]
[Site "Leon ESP"]
[Date "2012.11.10"]
[Round "6"]
[White "Ganguly, Surya Shekhar"]
[Black "Giri, Anish"]
[Result "0-1"]
[WhiteElo "2619"]
[BlackElo "2715"]
[PlyCount "140"]
[EventDate "2012.11.05"]
[WhiteTeam "C.A. Solvay"]
[BlackTeam "Sestao Naturgas Energia"]

1. d4 Nf6 2. c4 g6 3. Nc3 d5 4. cxd5 Nxd5 5. e4 Nxc3 6. bxc3 Bg7 7. Bc4 c5 8.
Ne2 Nc6 9. Be3 O-O 10. O-O b6 11. dxc5 Qc7 12. Nd4 Ne5 13. Nb5 Qb8 14. Be2 bxc5
15. Rb1 a6 16. Nd4 Qc7 17. Nb3 Rd8 18. Qc2 c4 19. Nc5 Nd3 20. Nxd3 cxd3 21.
Bxd3 Qxc3 22. Qxc3 Bxc3 23. Bc4 Bd7 24. Rfc1 Bf6 25. Kf1 Bb5 26. Be2 Bd4 27.
Bxd4 Rxd4 28. Bxb5 axb5 29. Rc2 Rxe4 30. Rxb5 Ra7 31. g3 Rea4 32. Rbb2 g5 33.
Kg2 Kg7 34. Re2 f6 35. Re6 Kf7 36. Rbe2 h5 37. h3 h4 38. g4 Ra3 39. Kh2 R7a6
40. Rxa6 Rxa6 41. Kg2 Ra3 42. Rb2 e5 43. Rb7+ Ke6 44. Rb6+ Kf7 45. Rb7+ Kg6 46.
Rb2 Ra6 47. Re2 Kf7 48. Rd2 Ke6 49. Rb2 Kd5 50. Rd2+ Ke4 51. Rb2 Ra4 52. Re2+
Kd5 53. Rd2+ Ke6 54. Rb2 Ra6 55. Rd2 f5 56. gxf5+ Kxf5 57. f3 Ra3 58. Re2 Ke6
59. Rd2 Kf6 60. Rb2 Ke7 61. Rd2 Ke6 62. Kf2 e4 63. fxe4 Rxh3 64. Rd5 Kf6 65. a4
Ra3 66. e5+ Ke6 67. Rd4 Kxe5 68. Rb4 Kf5 69. Rc4 Kg6 70. Kg2 Kh5 0-1

[Event "Spanish League, Division of Honour"]
[Site "Leon ESP"]
[Date "2012.11.10"]
[Round "6"]
[White "Fressinet, Laurent"]
[Black "Delchev, Aleksander"]
[Result "1/2-1/2"]
[WhiteElo "2703"]
[BlackElo "2587"]
[PlyCount "107"]
[EventDate "2012.11.05"]
[WhiteTeam "Sestao Naturgas Energia"]
[BlackTeam "C.A. Solvay"]

1. Nf3 Nf6 2. c4 g6 3. Nc3 Bg7 4. e4 d6 5. d4 O-O 6. Be2 e5 7. O-O exd4 8. Nxd4
Re8 9. f3 c6 10. Kh1 Nh5 11. g4 Nf6 12. Bf4 h5 13. g5 Nh7 14. Rg1 Nd7 15. Qd2
Ne5 16. Rad1 Qe7 17. Qe3 Nf8 18. Bg3 a6 19. Nb3 Be6 20. c5 Rad8 21. cxd6 Rxd6
22. Qc5 Rxd1 23. Rxd1 Qxc5 24. Nxc5 Bc4 25. f4 b6 26. N5a4 Bxe2 27. Nxe2 Nc4
28. e5 Ne6 29. b3 Ne3 30. Rd6 h4 31. Bf2 Nxf4 32. Nxf4 Bxe5 33. Re6 fxe6 34.
Bxe3 Bxf4 35. Bxf4 Rf8 36. Bc7 Rf2 37. Bxb6 Rxa2 38. h3 e5 39. Nc5 Kf7 40. Bc7
Re2 41. Kg1 Re3 42. Kf2 Rg3 43. Nd7 Rxg5 44. Nxe5+ Ke6 45. Nf3 Rd5 46. Nxh4
Rd2+ 47. Ke3 Rb2 48. Nxg6 Rxb3+ 49. Kd4 Kd7 50. Bf4 Rxh3 51. Ne5+ Kc7 52. Nc4+
Kb7 53. Kc5 Rh5+ 54. Be5 1/2-1/2

[Event "Spanish League, Division of Honour"]
[Site "Leon ESP"]
[Date "2012.11.11"]
[Round "7"]
[White "Dominguez Perez, Leinier"]
[Black "Alsina Leal, Daniel"]
[Result "1-0"]
[WhiteElo "2726"]
[BlackElo "2536"]
[PlyCount "115"]
[EventDate "2012.11.05"]
[WhiteTeam "Sestao Naturgas Energia"]
[BlackTeam "C.E. Barcelona Uga"]

1. e4 c5 2. Nf3 e6 3. d4 cxd4 4. Nxd4 Nc6 5. Nc3 Qc7 6. Be3 a6 7. Qd2 Nf6 8.
O-O-O Bb4 9. f3 O-O 10. Kb1 Ne5 11. Nb3 d5 12. Bd4 dxe4 13. Qf4 Bd6 14. Nxe4
Nxe4 15. Qxe4 Ng6 16. h4 e5 17. Bc3 Be6 18. g4 Nf4 19. Rh2 Rad8 20. Rhd2 f6 21.
Na5 Bc8 22. Qc4+ Kh8 23. Bb4 Qxc4 24. Nxc4 Bc7 25. Bxf8 Rxf8 26. Nd6 h5 27.
Nxc8 Rxc8 28. Bd3 Nxd3 29. Rxd3 e4 30. fxe4 hxg4 31. Rc3 g6 32. Rg1 f5 33. exf5
gxf5 34. Rc5 g3 35. Rxg3 Re8 36. Rg1 Bb6 37. Rxf5 Bxg1 38. Rh5+ Kg7 39. Rg5+
Kh6 40. Rxg1 Kh5 41. Rh1 b5 42. b3 Re6 43. Kb2 Rb6 44. Rh2 a5 45. a3 Rb8 46.
Kc3 Rd8 47. b4 Rc8+ 48. Kb2 axb4 49. axb4 Rc7 50. Kb3 Rc8 51. Rd2 Kxh4 52. Rd5
Rb8 53. c4 bxc4+ 54. Kxc4 Kg4 55. b5 Kf4 56. Kc5 Ke4 57. Rd1 Rc8+ 58. Kb6 1-0

[Event "Spanish League, Division of Honour"]
[Site "Leon ESP"]
[Date "2012.11.11"]
[Round "7"]
[White "Fluvia Poyatos, Joan"]
[Black "Vachier-Lagrave, Maxime"]
[Result "1/2-1/2"]
[WhiteElo "2490"]
[BlackElo "2711"]
[PlyCount "106"]
[EventDate "2012.11.05"]
[WhiteTeam "C.E. Barcelona Uga"]
[BlackTeam "Sestao Naturgas Energia"]

1. e4 c5 2. Nf3 e6 3. d4 cxd4 4. Nxd4 a6 5. Bd3 Bc5 6. Nb3 Be7 7. O-O d6 8. Qg4
g6 9. Qe2 Nc6 10. a4 Bd7 11. Be3 Nf6 12. N1d2 O-O 13. Nc4 d5 14. exd5 Nxd5 15.
Bc5 Qc7 16. Bxe7 Ncxe7 17. Qe5 Rac8 18. Nd6 Rcd8 19. Nc4 Qxe5 20. Nxe5 Nc6 21.
Nxc6 Bxc6 22. Na5 Nb4 23. Nxc6 bxc6 24. Rfd1 Nxd3 25. Rxd3 Rxd3 26. cxd3 Rb8
27. Rb1 Kf8 28. Kf1 Ke7 29. Ke2 Rb4 30. b3 Kd6 31. Kd2 c5 32. Kc3 g5 33. h3 h5
34. a5 e5 35. Re1 f5 36. Rb1 Kd5 37. Rh1 Rh4 38. Rb1 Rf4 39. Rb2 g4 40. hxg4
Rxg4 41. f3 Rg3 42. b4 cxb4+ 43. Rxb4 Rxg2 44. Rb8 Rf2 45. Rd8+ Kc6 46. Rc8+
Kd7 47. Ra8 Rxf3 48. Kc4 f4 49. Rxa6 Rf1 50. Kd5 f3 51. Ke4 f2 52. Ke3 Rd1 53.
Kxf2 Rxd3 1/2-1/2

[Event "Spanish League, Division of Honour"]
[Site "Leon ESP"]
[Date "2012.11.11"]
[Round "7"]
[White "Giri, Anish"]
[Black "Cuenca Jimenez, Jose Fernando"]
[Result "1-0"]
[WhiteElo "2715"]
[BlackElo "2490"]
[PlyCount "113"]
[EventDate "2012.11.05"]
[WhiteTeam "Sestao Naturgas Energia"]
[BlackTeam "C.E. Barcelona Uga"]

1. Nf3 Nf6 2. c4 g6 3. Nc3 c5 4. d4 cxd4 5. Nxd4 Bg7 6. e4 d6 7. Be2 O-O 8. O-O
Nc6 9. Be3 Bd7 10. Qd2 Nxd4 11. Bxd4 Bc6 12. f3 a5 13. b3 Nd7 14. Bf2 Nc5 15.
Rab1 Be5 16. Rfd1 e6 17. Bf1 Qf6 18. Be1 g5 19. Ne2 Rfd8 20. Qe3 h6 21. Rd2 b5
22. Nd4 Bf4 23. Qe2 Bxd2 24. Qxd2 Bb7 25. Nxb5 d5 26. cxd5 exd5 27. Qf2 d4 28.
Rd1 Ne6 29. a4 g4 30. Qg3 Qg5 31. Bd2 Qg7 32. Bc4 gxf3 33. gxf3 Qxg3+ 34. hxg3
Ng5 35. Kf2 Ra6 36. Rh1 Rf6 37. Bf4 d3 38. Ke3 d2 39. Rd1 Bc6 40. Nc3 Bb7 41.
Nd5 Bxd5 42. exd5 Re8+ 43. Kxd2 Nxf3+ 44. Kc3 Ng5 45. Kd4 Rd8 46. Bc7 Rd7 47.
Bxa5 Rf3 48. Rd3 Rf5 49. Kc5 Ne4+ 50. Kc6 Rd6+ 51. Kb5 Nf6 52. Bb4 Rd8 53. Kc6
Rc8+ 54. Kb7 Rd8 55. d6 h5 56. a5 Re5 57. Bc3 1-0

[Event "Spanish League, Division of Honour"]
[Site "Leon ESP"]
[Date "2012.11.11"]
[Round "7"]
[White "Cheparinov, Ivan"]
[Black "Harikrishna, Pentala"]
[Result "1/2-1/2"]
[WhiteElo "2710"]
[BlackElo "2692"]
[PlyCount "65"]
[EventDate "2012.11.05"]
[WhiteTeam "Linex-Magic Extremadura"]
[BlackTeam "C.A. Solvay"]

1. d4 Nf6 2. c4 e6 3. Nf3 d5 4. g3 Be7 5. Bg2 O-O 6. O-O dxc4 7. Qc2 a6 8. Qxc4
b5 9. Qc2 Bb7 10. Bd2 Bd6 11. a3 Nbd7 12. b4 Ra7 13. Nc3 Qa8 14. Nh4 Bxg2 15.
Nxg2 e5 16. Be3 Rb7 17. Rfd1 Re8 18. dxe5 Bxe5 19. Rac1 Rbb8 20. Nf4 Nb6 21.
Bd4 Nc4 22. a4 c6 23. Bxe5 Rxe5 24. Nd3 Rh5 25. Nf4 Re5 26. Nd3 Rh5 27. e4 Re8
28. Qe2 Qc8 29. f3 Rh6 30. Qf2 Nd7 31. Ne2 Rf6 32. Nef4 Rd6 33. axb5 1/2-1/2

[Event "Spanish League, Division of Honour"]
[Site "Leon ESP"]
[Date "2012.11.11"]
[Round "7"]
[White "Mchedlishvili, Mikheil"]
[Black "Ponomariov, Ruslan"]
[Result "1/2-1/2"]
[WhiteElo "2639"]
[BlackElo "2741"]
[PlyCount "63"]
[EventDate "2012.11.05"]
[WhiteTeam "C.A. Reverte Albox"]
[BlackTeam "Gros Xake-Taldea"]

1. d4 Nf6 2. c4 g6 3. g3 c6 4. Bg2 d5 5. cxd5 cxd5 6. Nf3 Bg7 7. O-O O-O 8. Ne5
Ng4 9. Nxg4 Bxg4 10. Nc3 Nc6 11. h3 Bd7 12. e3 e6 13. b3 Qe7 14. Bb2 Rfc8 15.
Qd2 Qb4 16. Rfd1 h5 17. Rac1 Ne7 18. Nb1 Qxd2 19. Nxd2 Bb5 20. Nb1 Rxc1 21.
Rxc1 Rc8 22. Rxc8+ Nxc8 23. Ba3 Bf8 24. Bxf8 Kxf8 25. Nc3 Nd6 26. f3 Ke7 27.
Kf2 b6 28. f4 f5 29. Bf3 Bd3 30. Ke1 Nb5 31. Nxb5 Bxb5 32. Kd2 1/2-1/2

[Event "Remco Heite Chess 2012"]
[Site "Wolvega NED"]
[Date "2012.11.16"]
[Round "1"]
[White "McShane, Luke"]
[Black "Sokolov, Ivan"]
[Result "1-0"]
[WhiteElo "2713"]
[BlackElo "2677"]
[PlyCount "119"]
[EventDate "2012.11.16"]

1. e4 e5 2. Nf3 Nc6 3. d4 exd4 4. Nxd4 Bc5 5. Nb3 Bb4+ 6. c3 Be7 7. g3 d6 8.
Bg2 h5 9. h3 Nf6 10. Na3 Be6 11. Nc2 d5 12. Ncd4 Nxe4 13. Nxe6 fxe6 14. Qc2 O-O
15. Be3 Nd6 16. Qg6 Rf6 17. Qxh5 Nc4 18. Bc1 Rf5 19. Qd1 Re5+ 20. Kf1 Qf8 21.
Kg1 Bc5 22. Nxc5 Qxc5 23. b3 Nd6 24. Bf4 Rf5 25. Qe1 e5 26. Be3 Qb5 27. Kh2 e4
28. c4 dxc4 29. bxc4 Qxc4 30. Qc1 Qf7 31. Rd1 Ne5 32. Qc2 Nec4 33. Bf4 Re8 34.
Rac1 b5 35. Kg1 Rxf4 36. gxf4 Qxf4 37. Qe2 Re5 38. Rc3 Rg5 39. Kh1 Qe5 40. Rb3
c6 41. Rg1 a5 42. Bf1 Rf5 43. Rbg3 Rf7 44. Rg5 Nf5 45. Qc2 Qd5 46. Bg2 Ncd6 47.
Rd1 Qc4 48. Qxc4 bxc4 49. Rg6 c3 50. Rc1 Rb7 51. Rxc3 Kf7 52. Rg4 Rb1+ 53. Kh2
Rb2 54. Kg1 Rb1+ 55. Bf1 Ke6 56. Rxc6 e3 57. Rc2 Ke5 58. Kg2 Ne4 59. Bd3 exf2
60. Rxe4+ 1-0

[Event "Remco Heite Chess 2012"]
[Site "Wolvega NED"]
[Date "2012.11.17"]
[Round "2"]
[White "Sadler, Matthew"]
[Black "McShane, Luke"]
[Result "1-0"]
[WhiteElo "2637"]
[BlackElo "2713"]
[PlyCount "123"]
[EventDate "2012.11.16"]

1. e4 e5 2. Nf3 Nc6 3. Bb5 Nf6 4. d3 Bc5 5. c3 O-O 6. O-O d6 7. Nbd2 Ne7 8. d4
exd4 9. cxd4 Bb6 10. Re1 Bg4 11. Qc2 a6 12. Bf1 Bh5 13. a3 Bg6 14. Bd3 Nc6 15.
d5 Ng4 16. dxc6 Bxf2+ 17. Kh1 Bxe1 18. cxb7 Rb8 19. Nxe1 d5 20. e5 Nf2+ 21. Kg1
Nxd3 22. Nxd3 f6 23. e6 Re8 24. Nb3 Rxe6 25. Nbc5 Rc6 26. b4 Rxb7 27. Nxb7 Rxc2
28. Nxd8 Bxd3 29. Be3 Be4 30. Bf2 d4 31. Ne6 d3 32. Nd4 Rb2 33. Nf3 Kf7 34. Rd1
Ke6 35. Nd2 f5 36. Bd4 Ra2 37. Bxg7 Kd5 38. Kf2 f4 39. Bh6 Ke5 40. g3 fxg3+ 41.
hxg3 Bg6 42. Ra1 Rc2 43. Re1+ Kd5 44. Bf4 Kc6 45. Re5 Rc3 46. Ra5 Kb7 47. Ke3
Rc1 48. Rc5 Re1+ 49. Kd4 Re7 50. Nc4 Rd7+ 51. Kc3 Be4 52. Ne5 Rd8 53. Kd2 c6
54. Rc4 Bd5 55. Rd4 a5 56. bxa5 Ra8 57. Rb4+ Kc8 58. Nc4 c5 59. Rb5 Bxc4 60.
Rxc5+ Kd7 61. Rxc4 Rxa5 62. Rd4+ 1-0

[Event "Fujairah INT Masters Tournemnt 2012"]
[Site "?"]
[Date "2012.11.14"]
[Round "1"]
[White "Le Quang Liem"]
[Black "Bakre Tejas"]
[Result "1-0"]
[WhiteElo "2705"]
[BlackElo "2481"]
[PlyCount "38"]
[EventDate "2012.??.??"]
[SourceDate "2012.11.14"]

1. c4 c6 2. d4 d5 3. Nc3 Nf6 4. e3 Bf5 5. Nf3 e6 6. Nh4 Bg6 7. Nxg6 hxg6 8. Bd3
Nbd7 9. O-O Bd6 10. h3 dxc4 11. Bxc4 Qe7 12. e4 e5 13. d5 O-O 14. Bg5 Rfd8 15.
Re1 Bc5 16. Qf3 Bd4 17. a4 Qb4 18. dxc6 bxc6 19. b3 Nb6 1-0

[Event "Remco Heite Chess 2012"]
[Site "Wolvega NED"]
[Date "2012.11.18"]
[Round "4"]
[White "McShane, Luke J"]
[Black "Van Wely, Loek"]
[Result "1/2-1/2"]
[WhiteElo "2713"]
[BlackElo "2691"]
[PlyCount "102"]
[EventDate "2012.11.16"]

1. e4 c5 2. Nf3 e6 3. d4 cxd4 4. Nxd4 Nf6 5. Nc3 d6 6. Be2 Be7 7. O-O O-O 8. f4
Nc6 9. Kh1 a6 10. a4 Qc7 11. Be3 Re8 12. Bf3 Rb8 13. Qd2 Bf8 14. Qf2 e5 15.
Nde2 b5 16. axb5 axb5 17. Nd5 Nxd5 18. exd5 Nb4 19. fxe5 Rxe5 20. Bf4 Rf5 21.
Be4 Rf6 22. c3 Na6 23. b4 Qc4 24. Ng3 Nc7 25. Nh5 Qxe4 26. Nxf6+ gxf6 27. Qg3+
Qg6 28. Bxd6 Qxg3 29. Bxg3 Rb7 30. d6 Nd5 31. Rfd1 Be6 32. Ra8 Kg7 33. Rd3 h5
34. h3 f5 35. Re8 f4 36. Bf2 Ne3 37. Bh4 Ra7 38. Kg1 Bd7 39. Rd8 Ra1+ 40. Kf2
Ra2+ 41. Ke1 Nxg2+ 42. Kd1 Bf5 43. d7 Bxd3 44. Rxf8 Ne3+ 45. Kc1 Rc2+ 46. Kb1
Re2+ 47. Ka1 Nc2+ 48. Kb2 Ne3+ 49. Ka1 Nc2+ 50. Ka2 Ne3+ 51. Ka1 Nc2+ 1/2-1/2

[Event "FIDE Grand Prix, Tashkent 2012"]
[Site "?"]
[Date "2012.11.22"]
[Round "1"]
[White "Morozevich, Alexander"]
[Black "Kamsky, Gata"]
[Result "1-0"]
[WhiteElo "2748"]
[BlackElo "2762"]
[PlyCount "71"]
[EventDate "2012.??.??"]

1. Nf3 Nf6 2. c4 c5 3. Nc3 b6 4. e3 g6 5. d4 Bg7 6. d5 O-O 7. Be2 e6 8. e4 exd5
9. e5 Ne4 10. Nxd5 Nc6 11. Qd3 f5 12. exf6 Nxf6 13. Bg5 Bb7 14. Rd1 Qe8 15.
Bxf6 Bxf6 16. O-O Rd8 17. Qd2 Qf7 18. Bd3 Nb4 19. Be4 Nxd5 20. Bxd5 Bxd5 21.
cxd5 Qg7 22. b3 g5 23. h3 h5 24. d6 g4 25. Qd5+ Rf7 26. Ne1 gxh3 27. Rd3 hxg2
28. Nxg2 h4 29. Kh1 Qg5 30. Qe4 Rg7 31. Ne3 h3 32. Rdd1 Qe5 33. Qf3 Rf8 34. Nf5
Rg6 35. Rde1 Qc3 36. Qd5+ 1-0

[Event "FIDE Grand Prix, Tashkent 2012"]
[Site "?"]
[Date "2012.11.22"]
[Round "1"]
[White "Caruana, Fabiano"]
[Black "Svidler, Peter"]
[Result "1/2-1/2"]
[WhiteElo "2786"]
[BlackElo "2747"]
[PlyCount "76"]
[EventDate "2012.??.??"]

1. d4 Nf6 2. c4 g6 3. f3 d5 4. cxd5 Nxd5 5. e4 Nb6 6. Nc3 Bg7 7. Be3 Nc6 8. d5
Ne5 9. Bd4 O-O 10. f4 Ng4 11. Bxg7 Kxg7 12. Qd4+ Kg8 13. Be2 c6 14. Bxg4 Bxg4
15. h3 Bd7 16. Nf3 cxd5 17. exd5 e6 18. d6 Bc6 19. O-O Nd5 20. Nxd5 Bxd5 21.
Ne5 f6 22. Ng4 Kg7 23. Ne3 Qxd6 24. Rad1 Rfd8 25. Nxd5 exd5 26. Rf3 b6 27. Rfd3
Rac8 28. Qxd5 Qxd5 29. Rxd5 Rxd5 30. Rxd5 Rc2 31. Rd7+ Kg8 32. Rxa7 Rxb2 33.
Rb7 Rxa2 34. Rxb6 f5 35. Rb8+ Kg7 36. Rb7+ Kg8 37. Rb8+ Kg7 38. Rb7+ Kg8
1/2-1/2

[Event "FIDE Grand Prix, Tashkent 2012"]
[Site "?"]
[Date "2012.11.22"]
[Round "1"]
[White "Gelfand, Boris"]
[Black "Leko, Peter"]
[Result "1/2-1/2"]
[WhiteElo "2751"]
[BlackElo "2732"]
[PlyCount "121"]
[EventDate "2012.??.??"]

1. c4 c5 2. g3 g6 3. Bg2 Bg7 4. Nc3 Nc6 5. Nf3 e6 6. d4 cxd4 7. Nb5 d5 8. cxd5
exd5 9. Nfxd4 Nf6 10. O-O O-O 11. Be3 Ng4 12. Bf4 Nxd4 13. Nxd4 Qb6 14. Nb3
Bxb2 15. Rb1 Bg7 16. Qxd5 Nf6 17. Qd6 Bf5 18. Rbc1 Be4 19. Rfd1 Bxg2 20. Kxg2
Qxd6 21. Rxd6 Rfc8 22. Na5 Ne4 23. Rd7 Nc5 24. Rd5 b6 25. Be3 Bf8 26. Nb3 Ne6
27. Rxc8 Rxc8 28. Rd7 Rc7 29. Rxc7 Nxc7 30. Kf3 Nd5 31. Bd2 f5 32. e4 fxe4+ 33.
Kxe4 Nf6+ 34. Kd3 Kf7 35. Nd4 Bc5 36. f3 Bxd4 37. Kxd4 Ke6 38. g4 Nd5 39. h3
Ne7 40. f4 h5 41. f5+ Kf6 42. fxg6 hxg4 43. hxg4 Nxg6 44. Kd5 Ke7 45. Be3 Kd7
46. Bg5 b5 47. Bd2 a6 48. Bc3 Nf4+ 49. Ke4 Nh3 50. Bd4 Ng5+ 51. Kd5 Nf3 52. Bf6
Ke8 53. Bc3 Kf7 54. Kc5 Nh2 55. g5 Nf3 56. Bf6 Nd2 57. Kb6 Ne4 58. Kxa6 b4 59.
Ka5 Nc3 60. Kxb4 Nxa2+ 61. Kc4 1/2-1/2

[Event "FIDE Grand Prix, Tashkent 2012"]
[Site "?"]
[Date "2012.11.22"]
[Round "1"]
[White "Mamedyarov, Shakhriyar"]
[Black "Kasimdzhanov, Rustam"]
[Result "1/2-1/2"]
[WhiteElo "2764"]
[BlackElo "2696"]
[PlyCount "104"]
[EventDate "2012.??.??"]

1. c4 e6 2. Nc3 d5 3. d4 Be7 4. Bf4 Nf6 5. e3 O-O 6. a3 Nbd7 7. Nb5 Ne8 8. Nf3
c6 9. Nc3 f5 10. h3 Nd6 11. cxd5 exd5 12. Bd3 Nf6 13. Ne5 Be6 14. O-O Nd7 15.
Ne2 a5 16. Qc2 a4 17. Bh2 Nxe5 18. dxe5 Ne4 19. Nd4 Qd7 20. Rad1 Nc5 21. Be2
Ne4 22. f3 Nc5 23. g4 Nb3 24. Nxb3 axb3 25. Qxb3 Rf7 26. Qc2 Raf8 27. Bd3 g6
28. Bg3 fxg4 29. fxg4 Bg5 30. Qe2 d4 31. Rxf7 Rxf7 32. exd4 Qxd4+ 33. Kh2 Rd7
34. Bc2 Qxb2 35. Rxd7 Bxd7 36. e6 Be8 37. a4 Qb4 38. Qf2 Be7 39. Qe1 Qb2 40.
Qb1 Qxb1 41. Bxb1 Kg7 42. Be5+ Bf6 43. Bd6 Bh4 44. Kg2 c5 45. Bxc5 Bc6+ 46. Kf1
Bxa4 47. Ke2 Bb3 48. Be4 Bxe6 49. Bxb7 h5 50. gxh5 Bxh3 51. Bd4+ Kh6 52. hxg6
Kxg6 1/2-1/2

[Event "FIDE Grand Prix, Tashkent 2012"]
[Site "?"]
[Date "2012.11.22"]
[Round "1"]
[White "Dominguez Perez, Leinier"]
[Black "Karjakin, Sergey"]
[Result "0-1"]
[WhiteElo "2726"]
[BlackElo "2775"]
[PlyCount "80"]
[EventDate "2012.??.??"]

1. e4 e5 2. Nf3 Nc6 3. Bb5 a6 4. Ba4 Nf6 5. O-O Be7 6. Re1 b5 7. Bb3 O-O 8. h3
d6 9. c3 Nb8 10. d4 Nbd7 11. Nbd2 Bb7 12. Bc2 Re8 13. Nf1 Bf8 14. Bg5 h6 15.
Bh4 Qc8 16. dxe5 dxe5 17. N3h2 a5 18. Qf3 Ra6 19. Ng4 Nxg4 20. Qxg4 Nc5 21. Qf3
Qa8 22. Rad1 b4 23. Nd2 Rd6 24. Qe3 Ne6 25. Nc4 Rxd1 26. Rxd1 bxc3 27. bxc3 f6
28. Rb1 a4 29. Kh1 Ba6 30. Nb2 a3 31. Nd3 Bc4 32. Bb3 Bxb3 33. Rxb3 Rd8 34. Rb1
Qa4 35. Nb4 Nf4 36. Bg3 c5 37. Nd5 Nxd5 38. exd5 Qc2 39. Rb7 Qxa2 40. Ra7 Qb1+
0-1

[Event "FIDE Grand Prix, Tashkent 2012"]
[Site "Tashkent UZB"]
[Date "2012.11.23"]
[Round "2"]
[White "Kamsky, G."]
[Black "Karjakin, Sergey"]
[Result "1/2-1/2"]
[WhiteElo "2762"]
[BlackElo "2775"]
[PlyCount "59"]
[EventDate "2012.11.22"]

1. d4 Nf6 2. c4 e6 3. Nf3 b6 4. a3 Bb7 5. Nc3 d5 6. Bg5 Be7 7. e3 O-O 8. Bd3
dxc4 9. Bxc4 Nbd7 10. O-O c5 11. Qe2 Ne4 12. Nxe4 Bxe4 13. Bxe7 Qxe7 14. Rfd1
Bxf3 15. Qxf3 cxd4 16. Bb5 Nf6 17. Rxd4 Rad8 18. Rxd8 Rxd8 19. Rc1 g6 20. Qe2
Rd5 21. Rd1 Qd6 22. Rxd5 Qxd5 23. h3 Ne4 24. Bd3 Qc6 25. Bxe4 Qxe4 26. Qd2 Qb1+
27. Kh2 Qf5 28. Kg1 Qb1+ 29. Kh2 Qf5 30. Kg1 1/2-1/2

[Event "FIDE Grand Prix, Tashkent 2012"]
[Site "Tashkent UZB"]
[Date "2012.11.23"]
[Round "2"]
[White "Kasimdzhanov, R."]
[Black "Ponomariov, R."]
[Result "1/2-1/2"]
[WhiteElo "2696"]
[BlackElo "2741"]
[PlyCount "67"]
[EventDate "2012.11.22"]

1. e4 e5 2. Nf3 Nc6 3. Bb5 a6 4. Ba4 Nf6 5. O-O Be7 6. d3 b5 7. Bb3 O-O 8. a4
Rb8 9. axb5 axb5 10. Nc3 d6 11. Nd5 Nxd5 12. exd5 Nd4 13. Nxd4 exd4 14. Bd2 Bd7
15. Ra7 Ra8 16. Qa1 Qb8 17. Rxa8 Qxa8 18. Qa5 Qxa5 19. Bxa5 Rc8 20. Ra1 Ra8 21.
Ra3 Ra7 22. Bd2 Rxa3 23. bxa3 Kf8 24. Ba5 Bd8 25. Kf1 Ke7 26. Ke2 f6 27. f3 c5
28. dxc6 Bxa5 29. cxd7 Kxd7 30. a4 bxa4 31. Bxa4+ Ke6 32. Bb3+ Ke5 33. g3 g5
34. Bf7 1/2-1/2

[Event "FIDE Grand Prix, Tashkent 2012"]
[Site "Tashkent UZB"]
[Date "2012.11.23"]
[Round "2"]
[White "Svidler, P."]
[Black "Gelfand, B."]
[Result "1/2-1/2"]
[WhiteElo "2747"]
[BlackElo "2751"]
[PlyCount "89"]
[EventDate "2012.11.22"]

1. e4 c5 2. Nf3 Nc6 3. Bb5 e6 4. O-O Nge7 5. c3 a6 6. Ba4 b5 7. Bc2 Bb7 8. Re1
c4 9. a4 Ng6 10. b4 Nce5 11. axb5 axb5 12. Rxa8 Bxa8 13. Na3 Bc6 14. Nd4 Nf4
15. Nxc6 dxc6 16. d4 cxd3 17. Bxf4 Ng6 18. Bg3 dxc2 19. Qxd8+ Kxd8 20. Nxc2 e5
21. Ra1 Kc8 22. Ra7 f6 23. Ne3 Kb8 24. Ra1 Rg8 25. Nf5 Ne7 26. Nd4 Kb7 27. Ne6
Nc8 28. Rd1 Bd6 29. f3 g6 30. Bh4 Re8 31. Nc5+ Bxc5+ 32. bxc5 g5 33. Rd7+ Kb8
34. Be1 Re7 35. Rd8 Rf7 36. h4 Kc7 37. Rh8 gxh4 38. Bxh4 Ne7 39. Ra8 Kb7 40.
Rd8 Ng6 41. Be1 Kc7 42. Ra8 Kb7 43. Rd8 Kc7 44. Ra8 Kb7 45. Rd8 1/2-1/2

[Event "FIDE Grand Prix, Tashkent 2012"]
[Site "Tashkent UZB"]
[Date "2012.11.23"]
[Round "2"]
[White "Morozevich, A."]
[Black "Caruana, F."]
[Result "1-0"]
[WhiteElo "2748"]
[BlackElo "2786"]
[PlyCount "101"]
[EventDate "2012.11.22"]

1. e4 e5 2. Nf3 Nc6 3. Bb5 Nf6 4. d3 Bc5 5. Bxc6 dxc6 6. h3 Be6 7. Qe2 Nd7 8.
Be3 Qe7 9. Bxc5 Qxc5 10. Nc3 Qd6 11. O-O-O c5 12. Nh4 O-O-O 13. Nf5 Bxf5 14.
exf5 Nf6 15. Rhe1 Rhe8 16. Qf3 Qd4 17. g4 h6 18. a3 a6 19. Re3 Re7 20. Kb1 Nd5
21. Nxd5 Qxd5 22. Qxd5 Rxd5 23. Rde1 f6 24. f4 Kd7 25. c3 b5 26. Kc2 Kd6 27. b3
Re8 28. Re4 Re7 29. b4 Re8 30. c4 bxc4 31. dxc4 Rd4 32. fxe5+ fxe5 33. bxc5+
Kxc5 34. Rxe5+ Rxe5 35. Rxe5+ Kxc4 36. Re7 c5 37. Rxg7 Rd3 38. h4 Rf3 39. Kd2
Kd4 40. Ke2 Rxa3 41. f6 Ra2+ 42. Kf3 Ra1 43. Kg2 Ra2+ 44. Kg3 Ra1 45. g5 hxg5
46. hxg5 Rf1 47. Rc7 a5 48. f7 a4 49. g6 a3 50. Ra7 Rf6 51. g7 1-0

[Event "FIDE Grand Prix, Tashkent 2012"]
[Site "?"]
[Date "2012.11.24"]
[Round "3"]
[White "Caruana, Fabiano"]
[Black "Kamsky, Gata"]
[Result "1-0"]
[WhiteElo "2786"]
[BlackElo "2762"]
[PlyCount "95"]
[EventDate "2012.??.??"]

1. d4 d5 2. c4 c6 3. Nf3 Nf6 4. Nc3 a6 5. e3 g6 6. Bd3 Bg7 7. O-O O-O 8. h3 b5
9. b3 Nbd7 10. Qc2 Bb7 11. c5 Ne8 12. Bb2 Nc7 13. b4 a5 14. a3 Ne6 15. Nd2 Qc7
16. f4 axb4 17. axb4 Rxa1 18. Rxa1 Ra8 19. Rxa8+ Bxa8 20. Nf3 Bb7 21. g4 Bc8
22. Bc1 Nf6 23. Qa2 h6 24. Ne5 g5 25. Bf5 Nd8 26. Bd3 gxf4 27. exf4 Nd7 28. Nf3
Ne6 29. Ne2 Qb7 30. Be3 Qa6 31. Qb2 Nef8 32. Ng3 e6 33. Nh5 Bh8 34. f5 Nf6 35.
Bxh6 Ne4 36. f6 Nxf6 37. Ne5 Ne4 38. Bxe4 dxe4 39. Qf2 Bxe5 40. dxe5 Qa1+ 41.
Kg2 f5 42. exf6 Kf7 43. Bxf8 Kxf8 44. Qd2 Kf7 45. Qd8 Qb2+ 46. Kg3 Qc3+ 47. Kh4
Qe1+ 48. Ng3 1-0

[Event "FIDE Grand Prix, Tashkent 2012"]
[Site "?"]
[Date "2012.11.24"]
[Round "3"]
[White "Gelfand, Boris"]
[Black "Morozevich, Alexander"]
[Result "1/2-1/2"]
[WhiteElo "2751"]
[BlackElo "2748"]
[PlyCount "63"]
[EventDate "2012.??.??"]

1. d4 Nf6 2. c4 g6 3. Nc3 d5 4. Nf3 Bg7 5. Bg5 Ne4 6. Bf4 Nxc3 7. bxc3 dxc4 8.
e3 b5 9. a4 c6 10. Qb1 Qd7 11. Ne5 Bxe5 12. Bxe5 O-O 13. Be2 Bb7 14. O-O a6 15.
Qb2 c5 16. dxc5 Nc6 17. Rfd1 Qf5 18. Bg3 Qxc5 19. Rd7 Bc8 20. Rc7 Ra7 21. Rxa7
Nxa7 22. axb5 axb5 23. Bf3 Nc6 24. Bxc6 Qxc6 25. Qb4 Bb7 26. f3 Qd7 27. e4 Ra8
28. Rxa8+ Bxa8 29. h3 f6 30. Qa5 Bc6 31. Qc7 Qxc7 32. Bxc7 1/2-1/2

[Event "FIDE Grand Prix, Tashkent 2012"]
[Site "?"]
[Date "2012.11.24"]
[Round "3"]
[White "Mamedyarov, Shakhriyar"]
[Black "Svidler, Peter"]
[Result "1-0"]
[WhiteElo "2764"]
[BlackElo "2747"]
[PlyCount "77"]
[EventDate "2012.??.??"]

1. d4 Nf6 2. c4 g6 3. Nc3 d5 4. Nf3 Bg7 5. e3 O-O 6. Be2 e6 7. O-O b6 8. b4
dxc4 9. Bxc4 Bb7 10. a4 Nbd7 11. Ba3 Re8 12. Qe2 c5 13. dxc5 bxc5 14. bxc5 Bf8
15. Bb5 Rc8 16. Rfd1 Bxc5 17. Ne5 Bxa3 18. Nxd7 Rxc3 19. Nxf6+ Qxf6 20. Bxe8
Be4 21. Qg4 Bd5 22. Qd4 Qxd4 23. Rxd4 a6 24. h3 Kf8 25. Bd7 Bd6 26. e4 Bc5 27.
Rdd1 Bxe4 28. Rac1 Bb4 29. Rxc3 Bxc3 30. Rc1 Bd4 31. a5 Ke7 32. Bc8 Bb2 33. Rc5
Bd3 34. Bb7 Bb5 35. Rc8 Be5 36. Ra8 Bc7 37. Bxa6 Bc6 38. Ra7 Kd6 39. Bb7 1-0

[Event "FIDE Grand Prix, Tashkent 2012"]
[Site "?"]
[Date "2012.11.24"]
[Round "3"]
[White "Dominguez Perez, Leinier"]
[Black "Kasimdzhanov, Rustam"]
[Result "1/2-1/2"]
[WhiteElo "2726"]
[BlackElo "2696"]
[PlyCount "99"]
[EventDate "2012.??.??"]

1. e4 e5 2. Nf3 Nc6 3. Bb5 a6 4. Ba4 Nf6 5. O-O Be7 6. Re1 b5 7. Bb3 O-O 8. h3
Bb7 9. d3 d5 10. exd5 Nxd5 11. Nbd2 f6 12. c4 bxc4 13. Nxc4 Bb4 14. Bd2 Kh8 15.
d4 exd4 16. Bxb4 Ndxb4 17. a3 Nd5 18. Nxd4 Nf4 19. Nxc6 Bxc6 20. Qxd8 Rfxd8 21.
f3 Bd5 22. Rad1 g5 23. Rd2 Bg8 24. Red1 Rxd2 25. Rxd2 Rb8 26. Ba2 a5 27. b4
axb4 28. axb4 Rxb4 29. Ne3 Bxa2 30. Rxa2 h5 31. Rc2 Rb3 32. Nf5 Rc3 33. Rxc3
Ne2+ 34. Kf2 Nxc3 35. h4 Kh7 36. g4 hxg4 37. hxg5 fxg5 38. fxg4 Kg6 39. Ke3 Kf6
40. Kd4 Nd1 41. Kd5 Nf2 42. Ne3 c5 43. Nc4 Nxg4 44. Kxc5 Nh2 45. Kd4 g4 46. Ke3
g3 47. Nd2 Nf1+ 48. Nxf1 g2 49. Kf2 gxf1=Q+ 50. Kxf1 1/2-1/2